Прикладная психология на службе развивающейся личности (Запись № 11538442)

Подробности
000 -МАРКЕР
контрольное поле 02112nam0a2200325 4500
001 - ИДЕНТИФИКАТОР ЗАПИСИ
контрольное поле RU\NLR\BIBL_A\011407157
005 - ИДЕНТИФИКАТОР ВЕРСИИ
контрольное поле 20241103111944.0
010 ## - МЕЖДУНАРОДНЫЙ СТАНДАРТНЫЙ НОМЕР КНИГИ (ISBN)
Номер (ISBN) 9785984922500
Тираж 80
021 ## - НОМЕР ГОСУДАРСТВЕННОЙ РЕГИСТРАЦИИ
Код страны Российская Федерация
Номер 2017-38833
Номер Листа государственной регистраци 2832
035 ## - ДРУГИЕ СИСТЕМНЫЕ НОМЕРА
Идентификатор записи (RuMoRGB)008897577
035 ## - ДРУГИЕ СИСТЕМНЫЕ НОМЕРА
Идентификатор записи (NLR Aleph) 011407157
100 ## - ДАННЫЕ ОБЩЕЙ ОБРАБОТКИ
Данные общей обработки 20170616d2017 k y0rusy50 ca
101 0# - ЯЗЫК РЕСУРСА
Язык текста, звукозаписи и т.д. русский
-- английский
Язык резюме английский
102 ## - СТРАНА ПУБЛИКАЦИИ ИЛИ ПРОИЗВОДСТВА
Страна публикации Российская Федерация
105 ## - ПОЛЕ КОДИРОВАННЫХ ДАННЫХ: ТЕКСТОВЫЕ МАТЕРИАЛЫ, МОНОГРАФИЧЕСКИЕ
Кодированные данные о монографическом текстовом документе a z 100zy
200 1# - ЗАГЛАВИЕ И СВЕДЕНИЯ ОБ ОТВЕТСТВЕННОСТИ
Основное заглавие Прикладная психология на службе развивающейся личности
Сведения, относящиеся к заглавию сборник научных статей и материалов XV Научно-практической конференции с международным участием "Практическая психология образования XXI века. Прикладная психология на службе развивающейся личности", 9-10 февраля 2017 г., Коломна
Первые сведения об ответственности [отв. редактор Р. В. Ершова, доктор психологических наук, профессор]
210 ## - ПУБЛИКАЦИЯ, РАСПРОСТРАНЕНИЕ И ДР.
Место издания, распространения и т.д. Коломна
Имя издателя, распространителя и т. д. Государственный социально-гуманитарный университет
Дата издания, распространения и т.д. 2017
215 ## - ФИЗИЧЕСКАЯ ХАРАКТЕРИСТИКА
Специфическое обозначение материала и объем 267 с.
Другие сведения о физической характеристике ил.
Размеры 21
300 ## - ОБЩИЕ ПРИМЕЧАНИЯ
Текст примечания Часть текста и рез. на англ. яз.
320 ## - ПРИМЕЧАНИЯ О НАЛИЧИИ В ДОКУМЕНТЕ БИБЛИОГРАФИИ / УКАЗАТЕЛЯ
Текст примечания Библиогр. в конце ст.
606 ## - НАИМЕНОВАНИЕ ТЕМЫ КАК ПРЕДМЕТ
Наименование темы Консультативная психология
Формальный подзаголовок Съезды, совещания и т.п
Системный номер авторитетной/нормативной записи 1365555
Идентификатор авторитетной/нормативной записи RU\NLR\AUTH\66571704
686 1# - ИНДЕКСЫ ДРУГИХ КЛАССИФИКАЦИЙ
Индекс Ю949.2я431
702 #1 - ИМЯ ЛИЦА - ВТОРИЧНАЯ ОТВЕТСТВЕННОСТЬ
Начальный элемент ввода Ершова
Часть имени, кроме начального элемента ввода Р. В.
Расширение инициалов личного имени Регина Вячеславовна
Код отношения Редактор
711 12 - НАИМЕНОВАНИЕ ОРГАНИЗАЦИИ - АЛЬТЕРНАТИВНАЯ ОТВЕТСТВЕННОСТЬ
Начальный элемент ввода "Практическая психология образования XXI века. Прикладная психология на службе развивающейся личности", научно-практическая конференция с международным участием
Порядковый номер временной организации и / или порядковый номер ее части 15
Место проведения временной организации Коломна
Дата проведения временной организации 2017
Системный номер авторитетной/нормативной записи 561112
Идентификатор авторитетной/нормативной записи RU\NLR\AUTH\880448801
942 ## - ДОПОЛНИТЕЛЬНЫЕ ЭЛЕМЕНТЫ ЗАПИСИ (АБИС)
Тип экземпляра АБИС Книга
980 ## - КОЛЛЕКЦИЯ
Название коллекции НБР

Нет доступных экземпляров.